000 00755nam a2200241 a 4500
005 20260415064206.0
008 010611s1999 r 000 0 eng d
020 _a8427711530 (10 dígitos)
020 _a9788427711532 (13 dígitos)
035 _aUPN01000108059
049 _aCG
050 4 _aLB2822.75
_bR8.2 1999
100 1 _aRuiz Ruiz, José María
245 1 0 _aCómo hacer una evaluación de centros educativos /
_cJosé María Ruiz Ruiz.
250 _a3a ed.
260 _aMadrid :
_bNarcea,
_c1999.
300 _a350 p.
440 0 _aEducación hoy.
_pEstudios
590 _a(También localizas un ejemplar en el "Area de Reserva")
590 _aBibliografía Básica (BGTQ)
650 4 _aEvaluación educativa
_94298
905 _aLibro
999 _c81971
_d81971